<?xml version="1.0" encoding="UTF-8"?>
<record
    xmlns:xsi="http://www.w3.org/2001/XMLSchema-instance"
    xsi:schemaLocation="http://www.loc.gov/MARC21/slim http://www.loc.gov/standards/marcxml/schema/MARC21slim.xsd"
    xmlns="http://www.loc.gov/MARC21/slim">

  <leader>01097cam a2200253 a 4500</leader>
  <datafield tag="082" ind1="0" ind2="0">
    <subfield code="a">625.732</subfield>
    <subfield code="b">MOR</subfield>
    <subfield code="c">D</subfield>
  </datafield>
  <datafield tag="100" ind1="1" ind2=" ">
    <subfield code="a">Morin, W. J.</subfield>
    <subfield code="9">40907</subfield>
  </datafield>
  <datafield tag="245" ind1="1" ind2="0">
    <subfield code="a">Laterite and lateritic soils and other problem soils of the tropics :</subfield>
    <subfield code="b">an engineering evaluation and highway design study for United States Agency for International Development /</subfield>
    <subfield code="c">by W.J. Morin, Peter C. Todor.</subfield>
  </datafield>
  <datafield tag="260" ind1=" " ind2=" ">
    <subfield code="a">Baltimore, Md. :</subfield>
    <subfield code="b">Lyon Associates ;</subfield>
    <subfield code="a">Rio de Janeiro, Brazil :</subfield>
    <subfield code="b">Road Research Institute, Brazilian National Highway Dept.,</subfield>
    <subfield code="c">[197-?-</subfield>
  </datafield>
  <datafield tag="300" ind1=" " ind2=" ">
    <subfield code="a">v. &lt;1   &gt; :</subfield>
    <subfield code="b">ill. ;</subfield>
    <subfield code="c">30 cm.</subfield>
  </datafield>
  <datafield tag="500" ind1=" " ind2=" ">
    <subfield code="a">"AID/csd 3682."</subfield>
  </datafield>
  <datafield tag="500" ind1=" " ind2=" ">
    <subfield code="a">Errata sheet inserted (v. 1)</subfield>
  </datafield>
  <datafield tag="526" ind1=" " ind2=" ">
    <subfield code="a">0</subfield>
    <subfield code="b">0</subfield>
    <subfield code="c">0</subfield>
    <subfield code="d">625_732000000000000_MOR</subfield>
  </datafield>
  <datafield tag="650" ind1=" " ind2="0">
    <subfield code="a">Laterite</subfield>
    <subfield code="z">Tropics.</subfield>
    <subfield code="9">40908</subfield>
  </datafield>
  <datafield tag="650" ind1=" " ind2="0">
    <subfield code="a">MCE</subfield>
    <subfield code="9">379</subfield>
  </datafield>
  <datafield tag="650" ind1=" " ind2="0">
    <subfield code="a">Problem soils</subfield>
    <subfield code="z">Tropics.</subfield>
    <subfield code="9">40909</subfield>
  </datafield>
  <datafield tag="650" ind1=" " ind2="0">
    <subfield code="a">Roads</subfield>
    <subfield code="z">Tropics</subfield>
    <subfield code="x">Design and construction.</subfield>
    <subfield code="9">40910</subfield>
  </datafield>
  <datafield tag="650" ind1=" " ind2="0">
    <subfield code="a">Soils</subfield>
    <subfield code="z">Tropics</subfield>
    <subfield code="x">Testing.</subfield>
    <subfield code="9">40911</subfield>
  </datafield>
  <datafield tag="700" ind1="1" ind2=" ">
    <subfield code="a">Todor, Peter C.,</subfield>
    <subfield code="9">40912</subfield>
  </datafield>
  <datafield tag="710" ind1="1" ind2=" ">
    <subfield code="a">United States.</subfield>
    <subfield code="9">21185</subfield>
  </datafield>
  <datafield tag="710" ind1="2" ind2=" ">
    <subfield code="a">Instituto de Pesquisas Rodovi&#xE1;rias.</subfield>
    <subfield code="9">40913</subfield>
  </datafield>
  <datafield tag="710" ind1="2" ind2=" ">
    <subfield code="a">Lyon Associates.</subfield>
    <subfield code="9">40914</subfield>
  </datafield>
  <datafield tag="942" ind1=" " ind2=" ">
    <subfield code="2">ddc</subfield>
    <subfield code="c">BK</subfield>
  </datafield>
  <datafield tag="999" ind1=" " ind2=" ">
    <subfield code="c">547468</subfield>
    <subfield code="d">547468</subfield>
  </datafield>
  <datafield tag="952" ind1=" " ind2=" ">
    <subfield code="0">0</subfield>
    <subfield code="1">0</subfield>
    <subfield code="2">ddc</subfield>
    <subfield code="4">0</subfield>
    <subfield code="7">0</subfield>
    <subfield code="a">MCE</subfield>
    <subfield code="b">MCE</subfield>
    <subfield code="d">2014-07-18</subfield>
    <subfield code="l">0</subfield>
    <subfield code="o">625.732 MOR</subfield>
    <subfield code="p">MCE-43381</subfield>
    <subfield code="r">2014-07-18</subfield>
    <subfield code="w">2014-07-18</subfield>
    <subfield code="y">BK</subfield>
  </datafield>
</record>
